| 000 | 00949nam a2200217 a 4500 | ||
|---|---|---|---|
| 001 | 50934 | ||
| 003 | BD-RjUL | ||
| 005 | 20211209075603.0 | ||
| 008 | 160829s1961 ii ||||| |||| 00| 0 eng d | ||
| 035 | _a(BD-RjUL)51054 | ||
| 040 |
_aBD-RjUL _bben _cBD-RjUL _dBD-RjUL |
||
| 041 | _aben | ||
| 082 |
_223 _a891.4414 _bGUU 1961 |
||
| 100 |
_aগুপ্ত, শশিভূষণ দাশ _9152442 |
||
| 245 | 1 | 0 |
_aউপনিষদের পটভূমিকায় রবীন্দ্র-মানস / _cশশিভূষণ দাশ গুপ্ত |
| 260 |
_aকলিকাতা : _bএ. মুখার্জী অ্যাণ্ড কোঃ প্রাঃ লিঃ, _c১৯৬১(১৩৬৮) |
||
| 300 |
_a২৬৮ পৃ. ; _c২৫ সেমি. |
||
| 600 |
_aঠাকুর, রবীন্দ্রনাথ _d১৮৬১-১৯৪১ _9152445 |
||
| 600 |
_aTagore, Rabindranath _d1861-1941 _9152446 |
||
| 942 |
_2ddc _cBK _01 |
||
| 999 |
_c50934 _d50934 |
||